Normal view
MARC view
Entry Personal Name
001 - CONTROL NUMBER
- control field: 2740
003 - CONTROL NUMBER IDENTIFIER
- control field: PK-LaUMT
005 - DATE AND TIME OF LATEST TRANSACTION
- control field: 20241014114517.0
008 - FIXED-LENGTH DATA ELEMENTS
- fixed length control field: 241014|| aca||aabn | a|a d
040 ## - CATALOGING SOURCE
- Original cataloging agency: PK-LaUMT
- Transcribing agency: PK-LaUMT
100 ## - HEADING--PERSONAL NAME
- Personal name: Feroze Khan Noon = فیروز خان نون
670 ## - SOURCE DATA FOUND
- Source citation: Work cat.: (PK-LaUMT)135473: Feroze Khan Noon = فیروز خان نون, Chasham deed = چشم دید (سابق وزیر اعظم فیروز خان نون کی آپ بیتی) /, 2022
